00356nam a2200145Ia 4500008004100000020001800041041000800059082001400067100001300081245003800094250000900132260003200141300000900173650002800182220803s9999 xx 000 0 und d a0 14 023005 X aeng a720.9 JEN aJencks C aModern Movements In Architecture. a2nd  aLondonbPenguin Booksc1985 a446p aHistory Of Architecture